000 00492pab a2200145 454500
008 180718b xxu||||| |||| 00| 0 eng d
100 _aSchonberger Richard J.
245 _aHuman resource management lessons from a decade of total quality management and reedelesingineering
362 _a36(4), Summer 1994, p.109-23
650 _a Human Resource Management
650 _a Personnel Management
650 _aTotal Quality Management
773 _aCalifornia Management Review
909 _a27639
999 _c27639
_d27639